| 000 | 00429nam a2200181Ia 4500 | ||
|---|---|---|---|
| 008 | 210210b2008 xxu||||| |||| 00| 0 eng d | ||
| 020 | _a9780143065470 | ||
| 041 | _aeng | ||
| 082 | _a320.011 CHOE | ||
| 100 | _aCHOMSKY (Noam) | ||
| 245 | _aEssential Chomsky | ||
| 260 |
_aNew Delhi _bPenguin Books _c2008 |
||
| 300 | _aix,515 | ||
| 650 | _aEssential | ||
| 650 | _aChomsky | ||
| 690 | _aPolitical Theory | ||
| 906 | _a064436 | ||
| 999 |
_c140619 _d140619 |
||